BIBLIOTECA “JULIO CORTÁZAR”
ESCUELA AGROTÉCNICA “LIBERTADOR GENERAL SAN MARTÍN” - UNR – CASILDA

Logo Escuela Logo UNR

Física l : (Record no. 350)

MARC details
000 -LEADER
campo de control de longitud fija 00698nam#a22002655a#4500
001 - NÚMERO DE CONTROL
campo de control 350
008 - DATOS DE LONGITUD FIJA--INFORMACIÓN GENERAL
campo de control de longitud fija 060801s1982####ag#a###d######001#0#spa#d
020 ## - NÚMERO INTERNACIONAL ESTÁNDAR DEL LIBRO
Número Internacional Estándar del Libro 9500362287
080 ## - NÚMERO DE LA CLASIFICACIÓN DECIMAL UNIVERSAL
Número de la Clasificación Decimal Universal 53
084 ## - OTRO NÚMERO DE CLASIFICACIÓN
Número de clasificación F38-S42
040 ## - FUENTE DE CATALOGACIÓN
Centro catalogador/agencia de origen AR-ClEAG
Centro/agencia transcriptor AR-ClEAG
005 - FECHA Y HORA DE LA ÚLTIMA TRANSACCIÓN
campo de control 20241107184632.0
003 - IDENTIFICADOR DE NÚMERO DE CONTROL
campo de control AR-ClEAG
100 1# - ENTRADA PRINCIPAL--NOMBRE DE PERSONA
Nombre de persona Serventi, Hector Fernandez.
245 10 - MENCIÓN DEL TÍTULO
Título Física l :
Resto del título problemas de física primera parte /
Mención de responsabilidad, etc. Hector Fernandez Serventi.
250 ## - MENCION DE EDICION
Mención de edición 1ª ed.
260 ## - PUBLICACIÓN, DISTRIBUCIÓN, ETC.
Lugar de publicación, distribución, etc. Buenos Aires :
Nombre del editor, distribuidor, etc. Losada,
Fecha de publicación, distribución, etc. 1982.
300 ## - DESCRIPCIÓN FÍSICA
Extensión 427 p. :
Otras características físicas il. ;
Dimensiones 16 cm.
521 ## - NOTA DE PÚBLICO DESTINATARIO
Nota de público destinatario Cuarto año de Escuelas Nacionales
653 ## - TÉRMINO DE INDIZACIÓN--NO CONTROLADO
Término no controlado Física
653 ## - TÉRMINO DE INDIZACIÓN--NO CONTROLADO
Término no controlado Fuerzas paralelas
653 ## - TÉRMINO DE INDIZACIÓN--NO CONTROLADO
Término no controlado Palanca
653 ## - TÉRMINO DE INDIZACIÓN--NO CONTROLADO
Término no controlado Leyes
942 ## - ELEMENTOS DE ENTRADA SECUNDARIOS (KOHA)
Tipo de ítem Koha Libros
980 ## - EQUIVALENCIA O REFERENCIA-CRUZADA-MENCIÓN DE SERIE--NOMBRE DE PERSONA/TÍTULO [LOCAL, CANADÁ]
Enlace 2
Nombre de persona Evangelina Gallicchio
Enlace entre campo y número de secuencia 2
Información miscelánea Evangelina Gallicchio
Holdings
Estatus retirado Estado de pérdida Fuente del sistema de clasificación o colocación Estado de daño No para préstamo Biblioteca de origen Biblioteca actual Ubicación en estantería Fecha de adquisición Número de inventario Total de préstamos Signatura topográfica completa Código de barras Visto por última vez Precio de reemplazo Tipo de ítem Koha
    Clasificación decimal universal     Julio Cortázar Julio Cortázar   07/11/2024 514   R7 53 F38-S42 1 514 07/11/2024 07/11/2024 Libros

Contacto

Biblioteca Julio Cortázar. Escuela Agrotécnica "Libertador San Martín". Universidad Nacional de Rosario
Dirección: Ov. Lagos 1000 - 2170 Casilda - Santa Fe - Argentina
Tel: (54) (03464) 422226.
Fax: (54) (03464) 427789.
E-Mail: biblio-eac@unr.edu.ar